Documento firmado por el Presidente de los Estados Unidos Mexicanos Antonio López de Santa Anna (Record no. 4639)

MARC details
000 -CABECERA
campo de control de longitud fija 01919nam a2200325 a 4500
001 - NÚMERO DE CONTROL
campo de control BRCA_4945
005 - FECHA Y HORA DE LA ÚLTIMA TRANSACCIÓN
campo de control 20190320204854.0
008 - DATOS DE LONGITUD FIJA--INFORMACIÓN GENERAL
campo de control de longitud fija 211010s1835----mx-####f#v---#000-0#spa-#
041 ## - CÓDIGO DE LENGUA
Código de lengua del texto/banda sonora o título independiente spa
044 ## - CÓDIGO DEL PAÍS DE LA ENTIDAD EDITORA/PRODUCTORA
Código MARC del país mx
084 ## - OTRO NÚMERO DE CLASIFICACIÓN
Número de clasificación DOC40
Número de documento/Ítem .L67
-- 1835
100 1# - ENTRADA PRINCIPAL--NOMBRE DE PERSONA
Nombre de persona López de Santa Anna, Antonio
Fechas asociadas al nombre 1794-1876
9 (RLIN) 12561
245 10 - MENCIÓN DE TÍTULO
Título Documento firmado por el Presidente de los Estados Unidos Mexicanos Antonio López de Santa Anna
Mención de responsabilidad, etc. Antonio López de Santa Anna, Don Domingo Andrés, José María Tornel.
260 ## - PUBLICACIÓN, DISTRIBUCIÓN, ETC.
Lugar de publicación, distribución, etc. México
Fecha de publicación, distribución, etc. 1835
300 ## - DESCRIPCIÓN FÍSICA
Extensión [2] fojas
Dimensiones 31 x 21 cm
500 ## - NOTA GENERAL
Nota general Documento firmado el 15 de febrero de 1835
500 ## - NOTA GENERAL
Nota general Diploma impreso de la medalla concedida al 1er Ayudante de Batallón de Abasolo Don Domingo Andrés por la gloriosa jornada de Tampico contra los españoles invasores. Dado en México el 15 de febrero de 1835. Firmas autógrafas de Antonio López de Santa Anna y José María Tornel
500 ## - NOTA GENERAL
Nota general En la parte superior: SELLO SEGUNDO DOCE REALES para los años de mil ochocientos treinta y cuatro y ochocientos treita y cinco y sello oficial grabado con el águila Real Republicana. Encabezado: EL C. ANTONIO LÓPEZ DE SANTA ANNA. General de división, Presidente de los Estados Unidos Mexicanos y Benemérito de la Patria
500 ## - NOTA GENERAL
Nota general El documento tiene la leyenda DOC. #49
500 ## - NOTA GENERAL
Nota general Papel con marca de agua
500 ## - NOTA GENERAL
Nota general Estado de conservación: Contiene manchas de acidificación
506 0# - NOTA DE RESTRICCIONES AL ACCESO
Limitaciones de acceso Fondo reservado: para su consulta es necesario credencial de usuario y carta de motivos
546 ## - NOTA DE LENGUA/LENGUAJE
Nota de lengua/lenguaje Texto en: español de principios del siglo XIX
600 14 - PUNTO DE ACCESO ADICIONAL DE MATERIA--NOMBRE DE PERSONA
Nombre de persona López de Santa Anna, Antonio
Fechas asociadas al nombre 1794-1876
Subdivisión cronológica Historia
Subdivisión geográfica México
9 (RLIN) 12562
651 #4 - PUNTO DE ACCESO ADICIONAL DE MATERIA--NOMBRE GEOGRÁFICO
Nombre geográfico México
Subdivisión de forma Impreso con rúbricas
Subdivisión general Historia
Subdivisión cronológica Federalismo y centralismo, 1824-1853
9 (RLIN) 12485
700 1# - PUNTO DE ACCESO ADICIONAL--NOMBRE DE PERSONA
Nombre de persona Andrés, Domingo
9 (RLIN) 12563
700 1# - PUNTO DE ACCESO ADICIONAL--NOMBRE DE PERSONA
Nombre de persona Tornel y Mendivil, José María
Fechas asociadas al nombre 1789-1853
9 (RLIN) 12564
902 ## - CATALOGADOR
Iniciales FDH
942 ## - ELEMENTOS DE PUNTO DE ACCESO ADICIONAL (KOHA)
Fuente del sistema de clasificación o colocación Library of Congress Classification
Tipo de ítem Koha Documentos
Holdings
Estado de retiro Estado de pérdida Estado dañado No para préstamo Localización permanente Ubicación/localización actual Fecha de adquisición Total de préstamos Signatura topográfica completa Código de barras Fecha visto por última vez Precio válido a partir de Tipo de ítem Koha
El ejemplar forma parte de la colección y puede ser consultado según las políticas vigentes.       Biblioteca del Museo Franz Mayer (Rogerio Casas-Alatriste) Biblioteca del Museo Franz Mayer (Rogerio Casas-Alatriste) 21/10/2010   DOC40 .L67 1835 5006 22/03/2019 22/03/2019 Documentos